| 000 | 01171nam a22002537a 4500 | ||
|---|---|---|---|
| 005 | 20240305165441.0 | ||
| 007 | cr|||| || | ||
| 008 | 160519s2016 spa||||| |||| 00||0 spa d | ||
| 020 | _a978-84-9085-461-7 | ||
| 035 | _a14238 | ||
| 040 | 0 | _avLex | |
| 090 |
_c6087 _d6087 |
||
| 100 | 1 | _aRecalde Castells, Andrés | |
| 245 | 1 | 0 |
_aComentario práctico a la nueva normativa de Gobierno Corporativo. Ley 31/2014, de reforma de la Ley de Sociedades de Capital _h[Recurso electrónico] / _cAndrés Recalde Castells |
| 256 | _aServicio en línea | ||
| 260 |
_aEspaña _bDykinson _c2016 |
||
| 300 | _a1 recurso electrónico | ||
| 506 | 1 |
_aContenido solo disponible en los productos indicados _dvLex Global _dvLex Global (Academic Edition, excluding Law Schools) _dvLex Global (U.S. Academic Edition, Law Schools) _dvLex Global (U.S. Academic Edition, excluding Law Schools) _dvLex Global (Academic Edition, Law Schools) |
|
| 650 | 0 | 4 |
_aDerecho _zEspaña |
| 700 | 1 | _aArias Varona, Fco. Javier | |
| 740 | 0 | _avLex libros (servicio en línea) | |
| 856 | 4 | 0 | _uhttps://app.vlex.com/#/sources/comentario-practico-nueva-normativa-gobierno-corporativo-14238 |
| 942 | _cRAA | ||
| 999 |
_c164382 _d164382 |
||